UM Logo

Estimating classroom-level influences on literacy and numeracy : (Record no. 18133)

MARC details
000 -LEADER
fixed length control field 01216nam a22002777a 4500
003 - CONTROL NUMBER IDENTIFIER
control field OSt
005 - DATE AND TIME OF LATEST TRANSACTION
control field 20251125132844.0
008 - FIXED-LENGTH DATA ELEMENTS--GENERAL INFORMATION
fixed length control field 230817b ||||| |||| 00| 0 eng d
040 ## - CATALOGING SOURCE
Transcribing agency 0
082 ## - DEWEY DECIMAL CLASSIFICATION NUMBER
Classification number DPer 370.15 J826 July-August 2020 v. 112 n. 5-6
100 ## - MAIN ENTRY--PERSONAL NAME
Personal name Grasby, Katrina L.
Relator term author.
9 (RLIN) 48690
245 ## - TITLE STATEMENT
Title Estimating classroom-level influences on literacy and numeracy :
Remainder of title a twin study /
Statement of responsibility, etc. Katrina L. Grasby, Richard K. Olson, Callie W. Little, Brian Byrne, William L. Coventry, Sally Larsen, Stefan Samuelsson.
260 ## - PUBLICATION, DISTRIBUTION, ETC. (IMPRINT)
Place of publication, distribution, etc. Washington ;
Name of publisher, distributor, etc. American Psychological Association ,
Date of publication, distribution, etc. August 2020.
300 ## - PHYSICAL DESCRIPTION
Extent Volume 112, pages 1154-1166 :
Other physical details illustration ;
Dimensions 28 cm.
500 ## - GENERAL NOTE
General note Journal of Educational Psychology, vol. 112, no. 6, pages 1154-1166, August 2020.
650 ## - SUBJECT ADDED ENTRY--TOPICAL TERM
Topical term or geographic name as entry element Classroom management.
9 (RLIN) 48691
650 ## - SUBJECT ADDED ENTRY--TOPICAL TERM
Topical term or geographic name as entry element Teachers.
9 (RLIN) 48692
700 ## - ADDED ENTRY--PERSONAL NAME
Personal name Grasby, Katrina L.
Relator term author.
9 (RLIN) 48690
700 ## - ADDED ENTRY--PERSONAL NAME
Personal name Olson, Richard K.
Relator term author.
9 (RLIN) 48693
700 ## - ADDED ENTRY--PERSONAL NAME
Personal name Little, Callie W.
Relator term author.
9 (RLIN) 48694
700 ## - ADDED ENTRY--PERSONAL NAME
Personal name Byrne, Brian.
Relator term author.
9 (RLIN) 48695
700 ## - ADDED ENTRY--PERSONAL NAME
Personal name Coventry, William L.
Relator term author.
9 (RLIN) 48696
700 ## - ADDED ENTRY--PERSONAL NAME
Personal name Larsen, Sally.
Relator term author.
9 (RLIN) 48697
700 ## - ADDED ENTRY--PERSONAL NAME
Personal name Samuelsson, Stefan.
Relator term author.
9 (RLIN) 48698
942 ## - ADDED ENTRY ELEMENTS (KOHA)
Source of classification or shelving scheme Dewey Decimal Classification
Koha item type Periodicals
Holdings
Withdrawn status Lost status Source of classification or shelving scheme Damaged status Not for loan Collection code Home library Current library Date acquired Total Checkouts Full call number Date last seen Price effective from Koha item type Public note
    Dewey Decimal Classification     Periodicals UM Digos College - LIC UM Digos College - LIC 08/17/2023   DPer 370.15 J826 July-August 2020 v. 112 n. 5-6 08/17/2023 08/17/2023 Periodicals Periodical Article